| 000 | 00339nam a2200133Ia 4500 | ||
|---|---|---|---|
| 008 | 240624s9999 xx 000 0 und d | ||
| 041 | _aeng | ||
| 082 | _a658.4012 FIT | ||
| 100 | _aHERBERT JAMES M | ||
| 245 | _aSTRATEGIC MANAGEMENT CREATING VALUE IN A | ||
| 260 |
_c2010 _aNew Delhi _bWiley India |
||
| 300 | _a442 : p. | ||
| 365 |
_cRS _b30 |
||
| 999 |
_c22763 _d22763 |
||